000 00388nam a22001457a 4500
005 20170801090414.0
008 170801b xxu||||| |||| 00| 0 eng d
040 _cPK-LaUMT
082 _aZIAC 297.082
_bFAT-H
100 _aFatima Mernissi
245 _aHidden from history forgotten queens of Islam/
_cFatima Mernissi
260 _aLahore:
_bASR,
_c1993
300 _a229 P.
942 _cBK
999 _c96055
_d96055